LEADER 01207nam0-2200385---450- 001 990000967810203316 005 20070222155041.0 010 $a0-521-38255-6 035 $a0096781 035 $aUSA010096781 035 $a(ALEPH)000096781USA01 035 $a0096781 100 $a20020219d1991----||ita|0103 ba 101 $aeng 102 $aGB 105 $a|||| ||||| 200 1 $aCheap print and popular piety, 1550-1640$fTessa Watt 210 $aCambridge$cCambridge University Press$d1991 215 $aXIV, 370 p.$d24 cm 225 $aCambridge studies in early modern British history 410 1$12001$aCambridge studies in early modern British history 606 0 $aLetteratura religiosa inglese$a1550-1640 676 $a820.9382 700 1$aWATT,$bTessa$0552760 801 0$aIT$bsalbc$gISBD 912 $a990000967810203316 951 $aVII.3.B. 1582 (II i B 1182)$b109914 LM$cII i B 959 $aBK 969 $aUMA 979 $aPATTY$b90$c20020219$lUSA01$h1047 979 $c20020403$lUSA01$h1739 979 $aPATRY$b90$c20040406$lUSA01$h1707 979 $aCOPAT4$b90$c20070222$lUSA01$h1550 996 $aCheap print and popular piety, 1550-1640$9973075 997 $aUNISA LEADER 01791nam2 22003733i 450 001 PUV0238840 005 20251003044311.0 100 $a20171211d1970 ||||0itac50 ba 101 | $aita 102 $ait 181 1$6z01$ai $bxxxe 182 1$6z01$an 183 1$6z01$anc$2RDAcarrier 200 1 $aˆ1: ‰Principi generali, economia monetaria$aAppendice 1.: Nozioni matematiche$fdi Antonio Pesenti$cAppendice 2.: Microeconomia$fdi Gianfranco La Grassa 210 $aRoma$cEditori riuniti$d1970 215 $aXXVII, 928 p.$d22 cm. 423 0$12001 $aNozioni matematiche$fdi Antonio Pesenti$1700 1$aPesenti$b, Antonio$f <1910-1973>$3CFIV015367$4070 423 0$12001 $aMicroeconomia$fdi Gianfranco La Grassa$1700 1$aLa Grassa$b, Gianfranco$3CFIV031790$4070 461 1$1001VEA0054155$12001 $aManuale di economia politica$fAntonio Pesenti$v1 676 $a330$9SCIENZE ECONOMICHE$v12 676 $a330$9Economia$v14 676 $a330$9ECONOMIA$v21 676 $a330.1$9ECONOMIA. Sistemi e teorie$v20 676 $a332.4$9$v21 700 1$aPesenti$b, Antonio$f <1910-1973>$3CFIV015367$4070$0309396 702 1$aLa Grassa$b, Gianfranco$3CFIV031790$4070 801 3$aIT$bIT-000000$c20171211 850 $aIT-BN0095 $aIT-NA0537 $aIT-SA0252 $aIT-SA0255 $aIT-NA0311 $aIT-NA0230 $aIT-BN0015 912 $aPUV0238840 950 2$aBiblioteca Centralizzata di Ateneo$cv. 1-2$d 01POZZO LIB.F. PARRAVICINI 167$e 0101 0600160475E VMA (0001 v. 1 (Precedente collocazione P 192)$fB $h20220727$i20220727 977 $a 01$a 68$a 83$a 99$a BE$a IR$a PB 996 $aPrincipi generali, economia monetaria$91766410 996 $aAppendice 1.: Nozioni matematiche$92920452 997 $aUNISANNIO